Los mudejares

Guardat en:
Dades bibliogràfiques
Autor principal: Cagigas, Isidro de las (Autor)
Format: Llibre
Idioma:espanyol
Publicat: Madrid, España Instituto de Estudios Africanos 1949
Col·lecció:Minorías Etnico-Religiosas de Edad Media Española, 3
Matèries:
Etiquetes: Afegir etiqueta
Sense etiquetes, Sigues el primer a etiquetar aquest registre!

MARC

LEADER 00000nam a2200000 a 4500
001 UCO0930
003 CL-VaPUC
005 20220222074029.0
008 000428e19490000SP |||||||||||||||||spa|d
999 |c 287566  |d 287564 
040 |c Pontificia Universidad Católica de Valparaíso 
082 0 4 |a 946.02 CAG 1949  |2 21 
100 0 |a Cagigas, Isidro de las  |e author  |9 442573 
245 1 4 |a Los mudejares 
260 |a Madrid, España  |b Instituto de Estudios Africanos  |c 1949 
300 |a 2 volúmenes 
490 0 |a Minorías Etnico-Religiosas de Edad Media Española,  |v  3 
500 |a v.2: El Avance Conquistador y el Reino de Mudéjar de Granada 
583 |a last modification  |c 20000428 00:00:00  |k Rodrigo Vera 
650 0 |a Historia de España  |y SIGLOS 14-15  |9 315435 
650 7 |a MUDEJARES  |2 CL-VaPUC  |9 442575  |y SIGLOS 14-15  |z ESPAÑA 
650 0 |a Musulmanes  |y SIGLOS 14-15  |z ESPAÑA  |9 332296 
650 7 |a MOROS  |2 CL-VaPUC  |9 406740  |y SIGLOS 14-15  |z ESPAÑA 
852 |a BIBCUR 
942 |c BK  |2 ddc 
945 |d 20000428 00:00:00  |a rherrera 
952 |0 0  |1 0  |2 ddc  |4 0  |6 946_020000000000000_CAG_1949  |7 0  |8 X  |9 334477  |a BIBHIS  |b BIBHIS  |d 2019-11-20  |h v.2  |i 1268198  |o 946.02 CAG 1949  |p 1268198  |r 2024-01-30  |t 1  |w 2019-11-20  |y BK_X  |k HIS 
952 |0 0  |1 0  |2 ddc  |4 0  |6 946_020000000000000_CAG_1949  |7 0  |8 X  |9 334478  |a BIBHIS  |b BIBHIS  |d 2019-11-20  |h v.2  |i 1268201  |o 946.02 CAG 1949  |p 1268201  |r 2024-01-30  |t 2  |w 2019-11-20  |y BK_X  |k HIS